000 00931nam a22002057a 4500
005 20250613120912.0
010 _aHIN-129559
020 _a9788195775620
035 _aHN-101905
037 _bDBAD
082 _a
_2प्रथम
100 _aसुरजीत
_982007
245 _aनिर्दोष हत्यारा
_cसुरजीत
_bविश्व प्रसिद्ध चार लघु उपन्यास
250 _aप्रथम
260 _aदिल्ली
_bश्री प्रकाशन
_c2022
270 _aए-402 विद्युत अपार्टमेंट, 81 आई.पी. पटपड़गंज
_bदिल्ली
_e110092
_k09999553332
_minfo@shilalekhbooks.com
_mshilalekhbooks@rediffmail.com
300 _a136पृ.;
_c23 सेमी (सजिल्द)
700 _979574
_aसुरजीत
942 _2ddc
_cHN
_h
_mसुर
_eप्रथम
999 _c210487
_d210487